000 00927nac a22003137a 4500
001 BR0706646
003 BR-BrBNA
005 20240105123526.0
008 230509b bl.|||m| |||| 00| 0 por d
040 _aBR-BrBNA
_bpor
_cBiblioteca Nacional de Agricultura
072 _aF30
090 _a0336 BR0706646
100 1 _aMarcelino, F.C.
100 1 _aBinneck, E.
100 1 _aAbdelnoor, R.v.
100 1 _aNepomuceno, A.L.
110 1 _aEMBRAPA Soja, Londrina, PR (Brasil)
245 1 _aFerramentas biotenológicas aplicadas à cultura da soja
260 3 _aLondrina, PR (Brasil):
_c2007.
300 _a5 p.
490 _aCircular Técnica - EMBRAPA Soja (Brazil)
_vno. 47
_xISSN 1516-7860
500 _a22 ref.
650 _aSOJA
650 _aVARIEDADE
650 _aBIOTECNOLOGIA
650 _aMELHORAMENTO GENÉTICO VEGETAL
909 _a202312
_bLúcia Elande
_c55
_dLúcia Elande
942 _2AGRIS
_n0
_cMS
999 _c295855
_d295855